| 000 | 00332nam a22001457a 4500 | ||
|---|---|---|---|
| 003 | SGT | ||
| 020 | _a9789382313038 | ||
| 082 |
_a070 _bH16P |
||
| 100 | _aPRATAP, ABHAY | ||
| 245 | _aHINDI PATRAKARITA KA ITHIHAAS: UTTAR PRADESH | ||
| 260 |
_bHINDI GRANTH ACADEMY _c2016 |
||
| 300 | _a416 | ||
| 650 | _aJOURNALISM | ||
| 942 |
_2ddc _cBK |
||
| 999 |
_c28516 _d28516 |
||